| 000 | 00332nam a22001337a 4500 | ||
|---|---|---|---|
| 027 | _qHB. | ||
| 040 | _cFIZZA ISHAQ | ||
| 082 |
_a006.3 _bNIC |
||
| 100 |
_aSABOURET,NICOLAS. _991589 |
||
| 245 |
_aUNDERSTANDING ARTIFICIAL INTELLIGENCE / _cNICOLAS SABOURET. |
||
| 260 |
_aCRC PRESS ; _c2021. |
||
| 300 | _a159 P. ; | ||
| 942 |
_2ddc _cBK |
||
| 999 |
_c589717 _d589717 |
||